00991cam a22003014a 45000010009000000050017000090080041000260100017000670160020000840200018001040200015001220350021001370350024001580400059001820410008002410420008002490600025002570800012002820820016002941000006003101010008003162450131003245040051004559060045005069420012005519990017005639520109005801529510120171214040159.0080507s2009 njua b 001 0 eng  a 20080209827 a1014733972DNLM a9780135138663 a0135138663 a(OCoLC)228114866 a(OCoLC)ocn228114866 aDNLM/DLCcDLCdNLMdBAKERdBTCTAdC#PdYDXCPdCDXdDLC aeng apcc00aWY 100.4bM983h 2009 a613 MUR00a613 MUR222 a4 aSHM00aHealth promotion strategies through the life span /c[edited by] Ruth Beckmann Murray, Judith Proctor Zentner, Richard Yakimo. aIncludes bibliographical references and index. a7bcbccorignewd1eecipf20gy-gencatlg 2ddccBK c38893d38893 00102udc40708PËKGa002b002cPËKGd2017-12-14l0o613 MURp002-29394r2017-12-14w2017-12-14yBK